01845 a2200205 45000010006000000050017000060080041000230030015000640400040000790800052001192450037001710200018002082640052002263000017002785051118002951000030014137000028014437000040014718560128015111600820260407155453.0260407a2001 arg spa dAR-UNSa-BCEJYS aAR-UNSa-BCEJYSbspacAR-UNSa-BCEJYS a342xDerecho constitucional (Derecho Público)10aDerecho constitucional argentino a950-727-317-4 1aBuenos Aires :bRubinzal-Culzoni Editoresc2001 a2 v.c22 cm. aVol. I: 1. Nociones preliminares - 2. Tipología y clasificación de las constituciones - 3. Poder constituyente -- Sección primera: Subestructura de actos, normas, interpretación y sujetos constitucionales. 1. Actos constitucionales - 2. Normas constitucionales - 3. Interpretación constitucional - 4. Sujetos constitucionales -- Sección segunda: Subestructura de derechos, garantías y deberes constitucionales: 1. Derecho constitucionales - 2. Garantías constitucionales - 3. Deberes públicos subjetivos -- Sección tercera: Subretructura de los principios constitucionales: 1. Principio de supremacía - 2. Subprincipio de control -- Vol. II: 3. Principios de limitación - 4. Principio de funcionalidad - 5. Principio de estabilidad -- Sección cuarta: Subestructura orgánica constitucional: 1. La forma de gobierno del estado federal - 2. El estado federal argentino - 3. Poder Legislativo federal - 4. Poder Ejecutivo Federal - 5. Poder Judicial Federal - 6. Organos extrapoder -- La realidad constitucional al margen de la estructura normativa: 1. Gobiernos de factos - 2. Ley Marcial1 aQuiroga Lavié, Humberto1 aBenedetti, Miguel Angel1 aCenicacelaya, María de las Nieves41uhttps://biblioeco.unsa.edu.ar/pmb/images/libros/Derecho Constitucional Argentino-l116013.jpgyImagen de portadaqimage/jpeg